Oligonucleotides as therapeutic agents / (Record no. 21507)
[ view plain ]
| 000 -LEADER | |
|---|---|
| fixed length control field | 01152cam a22002895a 4500 |
| 001 - CONTROL NUMBER | |
| control field | 2125287 |
| 005 - DATE AND TIME OF LATEST TRANSACTION | |
| control field | 20160327122440.0 |
| 008 - FIXED-LENGTH DATA ELEMENTS--GENERAL INFORMATION | |
| fixed length control field | 970602s1997 enka frb 101 0 eng d |
| 020 ## - INTERNATIONAL STANDARD BOOK NUMBER | |
| International Standard Book Number | 0471972797 |
| 020 ## - INTERNATIONAL STANDARD BOOK NUMBER | |
| International Standard Book Number | 9780471972792 |
| 040 ## - CATALOGING SOURCE | |
| Original cataloging agency | DLC |
| Transcribing agency | DLC |
| Modifying agency | DLC |
| -- | EG-ScBUE |
| Language of cataloging | eng |
| 082 04 - DEWEY DECIMAL CLASSIFICATION NUMBER | |
| Edition number | 22 |
| Classification number | 615.31 |
| Item number | OLI |
| 245 00 - TITLE STATEMENT | |
| Title | Oligonucleotides as therapeutic agents / |
| Statement of responsibility, etc | [editors Derek J. Chadwick (Organizer) and Gail Cardew] |
| 260 ## - PUBLICATION, DISTRIBUTION, ETC. (IMPRINT) | |
| Place of publication, distribution, etc | Chichester : |
| Name of publisher, distributor, etc | John Wiley & Sons, |
| Date of publication, distribution, etc | 1997. |
| 300 ## - PHYSICAL DESCRIPTION | |
| Extent | ix, 250 p. : |
| Other physical details | ill. ; |
| Dimensions | 24 cm. |
| 490 0# - Series Statement | |
| Series statement | Ciba Foundation symposium ; |
| Volume/sequential designation | 209. |
| 500 ## - GENERAL NOTE | |
| General note | Proceedings of the Symposium on Oligonucleotides as Therapeutic Agents, held at Ciba Foundation on 7-9 January 1997. |
| 504 ## - BIBLIOGRAPHY, ETC. NOTE | |
| Bibliography, etc | Includes bibliographical references and indexes. |
| 650 #0 - SUBJECT ADDED ENTRY--TOPICAL TERM | |
| Topical term or geographic name as entry element | Oligonucleotides |
| General subdivision | Therapeutic use |
| -- | Congresses. |
| Source of heading or term | BUEsh |
| 650 #0 - SUBJECT ADDED ENTRY--TOPICAL TERM | |
| Topical term or geographic name as entry element | Antisense nucleic acids |
| General subdivision | Therapeutic use |
| -- | Congresses. |
| Source of heading or term | BUEsh |
| 651 ## - SUBJECT ADDED ENTRY--GEOGRAPHIC NAME | |
| Source of heading or term | BUEsh |
| 653 ## - INDEX TERM--UNCONTROLLED | |
| Resource For college | Pharmacy |
| Arrived date list | March2016 |
| 700 1# - ADDED ENTRY--PERSONAL NAME | |
| Personal name | Chadwick, Derek, |
| Relator term | editor. |
| 700 1# - ADDED ENTRY--PERSONAL NAME | |
| Personal name | Cardew, Gail, |
| Relator term | editor. |
| 711 2# - ADDED ENTRY--MEETING NAME | |
| Meeting name or jurisdiction name as entry element | Symposium on Oligonucleotides as Therapeutic Agents |
| Date of meeting | (1997 : |
| Location of meeting | Ciba Foundation) |
| 942 ## - ADDED ENTRY ELEMENTS (KOHA) | |
| Source of classification or shelving scheme | Dewey Decimal Classification |
| Withdrawn status | Item status | Source of classification or shelving scheme | Damaged status | Not for loan | Vendor | Home library | Current library | Shelving location | Date acquired | Source of acquisition | Cost, normal purchase price | Serial Enumeration / chronology | Total Checkouts | Full call number | Barcode | Date last seen | Cost, replacement price | Koha item type |
|---|---|---|---|---|---|---|---|---|---|---|---|---|---|---|---|---|---|---|
| Dewey Decimal Classification | Scientific home BookShop | Central Library | Central Library | First floor | 27/03/2016 | Purchase | 850.00 | 1 | 615.31 OLI | 000032183 | 15/07/2025 | 1062.50 | Book - Borrowing |